| 000 | 02629cam a2200421 i 4500 | ||
|---|---|---|---|
| 001 | bcotR000285 | ||
| 005 | 20210215102212.0 | ||
| 006 | m u | ||
| 007 | cr cn ---uuuuu | ||
| 008 | 181121s2018 snca o 000 0 eng d | ||
| 020 |
_a9780889775497 _q(ebk.) |
||
| 035 | _a(OCoLC)1078789551 | ||
| 037 |
_bBCOpenCampus _cCostFree _fFormOnline _gAccessOpen |
||
| 040 |
_aCaBSKC _beng _erda _cCaBSKC |
||
| 050 | 4 |
_aHG179 _b.S36 2018eb |
|
| 100 | 1 |
_aSchneider, Bettina, _eauthor. |
|
| 245 | 1 | 0 |
_aFinancial empowerment : _bpersonal finance for Indigenous and Non-Indigenous people / _cBettina Schneider. |
| 250 | _a2018 edition. | ||
| 264 | 1 | _bUniversity of Regina Press, | |
| 264 | 2 | _bBCcampus, BC Open Textbook Project | |
| 300 |
_a1 online resource (xiii, 438 pages) : _bcolour illustrations |
||
| 500 | _aThis bibliographic record is available under the Creative Commons CC0 "No Rights Reserved" license. | ||
| 500 | _aThis work is licensed under the Creative Commons Attribution-NonCommercial-ShareAlike License. | ||
| 520 | _a"Financial Empowerment is designed for a single-semester introduction to financial planning and decision-making, in order to provide first and second-year business students with the necessary financial literacy and skills needed to make sound financial decisions, assess financial risk, and achieve financial success. This textbook attempts to speak to the varied backgrounds, knowledge systems, and experiences of Indigenous and non-Indigenous Canadians by providing Indigenous and non-Indigenous perspectives on personal finance and financial planning using examples and information from the Canadian financial system, economy, and Elders."--BC Campus website. | ||
| 588 | _aDescription based on online resource; title from PDF title page (viewed on November 21, 2018). | ||
| 650 | 0 |
_aFinance, Personal _vTextbooks. |
|
| 655 | 0 | _aElectronic books. | |
| 710 | 2 |
_aUniversity of Regina Press, _epublisher. |
|
| 710 | 2 |
_aBC Open Textbook Project, _edistributor. |
|
| 710 | 2 | _aBCcampus. | |
| 856 | 4 | 0 |
_3BC Open Textbook Project title homepage. _uhttps://open.bccampus.ca/find-open-textbooks/?uuid=5c918b0d-c893-4fd5-a578-45d62a37d383&contributor=&keyword=&subject= |
| 856 | 4 | 0 |
_3BC Open Textbook Project. _uhttp://solr.bccampus.ca:8001/bcc/file/5c918b0d-c893-4fd5-a578-45d62a37d383/1/Financial-Empowerment-PDF.pdf |
| 856 | 4 | 0 |
_3Press Books. _uhttps://financialempowerment.pressbooks.com/ |
| 999 |
_c28423 _d28423 |
||